000 00314 a2200157 4500
001 175815
020 _a
040 _cMagnum
100 _a-
240 1 0 _aPlebiscito
_lpor
245 1 0 _aPlebiscito
362 0 _a1899
440 1 _aEdições Loyola
697 _aMAGNITO: IJ/SOCIEDADE COTIDIAN
942 _cBK
999 _c175815
_d175815